000 00709nam a2200253Ia 4500
003 OSt
005 20220927105734.0
006 a|||||r|||| 00| 0
007 ta
008 220926b |||||||| |||| 00| 0 eng d
020 _a0393056112
024 _a203704
037 _cReference Collections
040 _aRTL
_cRTL
_beng
041 _2eng
_aeng
082 _a"X.73, L7"
100 _aNELSON Richard R
_9374600
245 0 _aMoon and the Ghetto
_b An essay on public policy analysis
260 _aNew
_b"York, W.W.Norton, "
_c1977
300 _a159p
_ccm.
500 _aBibliography: P 515-27
942 _h"X.73, L7"
_cCC
999 _c694260
_d694260